[Event "Lovfalds EMT 17th Basis 2"]
[Site "Ringsted"]
[Date "2003.09.21"]
[Round "5"]
[White "Vestergaard, Johannes"]
[Black "Janbazi, Farzad"]
[Result "1/2-1/2"]
[WhiteElo "1609"]
[BlackElo "1175"]
[PlyCount "30"]
[EventDate "2003.09.19"]
[EventType "swiss"]
[EventRounds "5"]
[EventCountry "DEN"]
[SourceTitle "EXT 2023"]
[Source "ChessBase"]
[SourceDate "2022.10.05"]
[SourceVersion "1"]
[SourceVersionDate "2022.10.05"]
[SourceQuality "1"]

1. d4 d5 2. Nf3 Bf5 3. e3 Nf6 4. c4 e6 5. Nc3 c6 6. Bd3 Ne4 7. 0-0 Nd7 8. Qe2 Be7 9. Bd2 0-0 10. Rac1 Ndf6 11. h3 Nxc3 12. Bxc3 Bxd3 13. Qxd3 Re8 14. a3 a6 15. Rfd1 Ne4 1/2-1/2

[Event "Lovfalds EMT 17th Basis 2"]
[Site "Ringsted"]
[Date "2003.09.20"]
[Round "2"]
[White "Wiecker, Stefan"]
[Black "Janbazi, Farzad"]
[Result "1/2-1/2"]
[WhiteElo "1457"]
[BlackElo "1175"]
[PlyCount "120"]
[EventDate "2003.09.19"]
[EventType "swiss"]
[EventRounds "5"]
[EventCountry "DEN"]
[SourceTitle "EXT 2023"]
[Source "ChessBase"]
[SourceDate "2022.10.05"]
[SourceVersion "1"]
[SourceVersionDate "2022.10.05"]
[SourceQuality "1"]

1. e4 e6 2. d4 d5 3. e5 c5 4. c3 Nc6 5. f4 Nge7 6. Nf3 Nf5 7. Na3 cxd4 8. cxd4 Bxa3 9. bxa3 Qa5+ 10. Bd2 Qxa3 11. Bb5 0-0 12. Bxc6 bxc6 13. Qb3 Qa6 14. Kf2 Bd7 15. Rhc1 Rab8 16. Qc2 Rb7 17. g4 Nh6 18. Ng5 g6 19. h4 Nxg4+ 20. Kf3 h5 21. Rg1 Rfb8 22. Bc3 Qa3 23. Rxg4 hxg4+ 24. Ke3 f5 25. exf6 Be8 26. h5 Qf8 27. Rh1 gxh5 28. f7+ Rxf7 29. Rxh5 Rbb7 30. Qh2 Kg7 31. Rh7+ Kf6 32. Qh6+ Qxh6 33. Rxh6+ Kg7 34. Nxf7 Bxf7 35. Rh4 Kf6 36. Rxg4 Bg6 37. Rg5 Rh7 38. Rg3 Rh2 39. a3 Rh7 40. Bb4 Rb7 41. Kf2 Rb5 42. Rc3 Be8 43. Rc5 Rb7 44. Rc3 Kf5 45. Bd6 Ke4 46. Be5 a5 47. Re3+ Kf5 48. Kf3 Rh7 49. Ke2 Rb7 50. Kf3 a4 51. Bd6 Rb3 52. Kf2 Rb2+ 53. Re2 Rb3 54. Re3 Rb2+ 55. Re2 Rxe2+ 56. Kxe2 Ke4 57. Be5 Bh5+ 58. Kd2 Be8 59. Kc3 Bd7 60. Kb4 Kd3 1/2-1/2